| 000 | 01160cam a2200265 a 4500 | ||
|---|---|---|---|
| 999 |
_c127321 _d127321 |
||
| 001 | 11925210 | ||
| 003 | ARRUPE | ||
| 005 | 20180110123943.0 | ||
| 008 | 000229s2001 nyu b 000 0 eng | ||
| 010 | _a 00025522 | ||
| 020 | _a0195135431 (pbk. : alk. paper) | ||
| 040 |
_aDLC _cDLC _dDLC |
||
| 050 | 0 | 0 |
_aP106 _b.P455 2001 |
| 082 | 0 | 0 |
_a401 _221 |
| 245 | 0 | 4 |
_aThe Philosophy of language / _cedited by A.P. Martinich. |
| 250 | _a4th ed. | ||
| 260 |
_aNew York : _bOxford University Press, _c2001. |
||
| 300 |
_aviii, 599 p. ; _c24 cm. |
||
| 504 | _aIncludes bibliographical references. | ||
| 650 | 0 |
_aLanguage and languages _xPhilosophy. _938320 |
|
| 700 | 1 |
_aMartinich, Aloysius. _912225 |
|
| 856 | 4 | 2 |
_3Publisher description _uhttp://www.loc.gov/catdir/enhancements/fy0610/00025522-d.html |
| 856 | 4 | 1 |
_3Table of contents only _uhttp://www.loc.gov/catdir/enhancements/fy0610/00025522-t.html |
| 906 |
_a7 _bcbc _corignew _d1 _eocip _f20 _gy-gencatlg |
||
| 942 |
_2lcc _cMONOGRAPH |
||